000 00368nam a2200133Ia 4500
008 240624s9999 xx 000 0 und d
041 _aeng
082 _a658.4 HAR
100 _aHARVARD BUSINESS SCHOOL PRESS
245 _aHARVARD BUSINESS REVIEW INTERVIEWS WITH
260 _c2000
_aUSA
_bHarvard Businesss School Press
300 _av, : 261p. ; 20cm.
365 _c
_b30
999 _c4625
_d4625